00530nam a2200193Ia 450000500170000000800410001702000150005808200130007310000130008624500230009926000330012230000130015565000200016865000170018865000110020594200060021695200990022299900150032120250321083719.0240331s9999 xx 000 0 und d a8177200186 bPRAa894 aPramil,  0aPramil padaippugal aPuthanathambAdaiyalamc2003 a472 p ., aSirukadhaikalum a Kuru Novals aDramas cL 001040708LaWERCLbWERCLcSSCd2024-03-31l0o 894.811 PRAp4998r2024-03-31w2024-03-31yL c4113d4113